| 000 | 00542nam a22001817a 4500 | ||
|---|---|---|---|
| 003 | BUBTL | ||
| 008 | 170313b xxu||||| |||| 00| 0 eng d | ||
| 020 | _a81-224-1954-2 | ||
| 082 | _a677.028ANK | ||
| 100 |
_91115 _aAnbumani,N. |
||
| 245 |
_aKnitting : _bFundamentals,Machines,Structures and Developments |
||
| 260 |
_aNew Delhi : _bNew Age International Publishers, _cc2007. |
||
| 300 |
_axiv,268 p. : _c21 cm. |
||
| 650 | 0 |
_91117 _aTextile Engineering |
|
| 856 |
_k0 _l0 _yDownload |
||
| 942 |
_2ddc _cBK |
||
| 999 |
_c5430 _d5430 |
||